000 00720nam a2200265Ia 4500
003 OSt
005 20221005125414.0
006 a|||||r|||| 00| 0
007 ta
008 221004b |||||||| |||| 00| 0 tam d
020 _c6.00
024 _a48517
037 _cTextual
040 _aCRL
_cCRL
_btam
041 _2tam
_atam
082 _aO31,6M91:g, L3
100 _aVeerasami Dharapuram Venkatachala Au.
_9636616
245 0 _aPattarayile bharatidasan
_b critical essays
260 _c1973
300 _a120p.
_ccm.
650 _a TAMIL POETRY
650 _aTAMIL LITERATURE
942 _hO31,6M91:g, L3
_cTEXL
_2cc
999 _c1053906
_d1053906